ბათუმის შოთა რუსთაველის სახელმწიფო უნივერსიტეტის ბიბლიოთეკა

კერძო ქირურგია : (ბიბ.ჩანაწერი № 62905)

000 -ლიდერი
ფიქსირებული სიგრძის საკონტროლო ველი 00948nam a22001937a 4500
003 - საკონტროლო ნომრის იდენტიფიკატორი
საკონტროლო ველი Ge_BSU
005 - ბოლო ოპერაციის თარიღი და დრო
საკონტროლო ველი 20250318154416.0
008 - ფიქსირებული სიგრძის მონაცემთა ელემენტები - ზოგადი ინფორმაცია
ფიქსირებული სიგრძის საკონტროლო ველი 250318s1999 ge ||||| |||| 00| 0 geo d
041 ## - ენის კოდი
Language code of text/sound track or separate title geo
080 ## - უნივერსალური ათობითი კლასიფიკაციის ინდექსი
Universal Decimal Classification number 617.5(075.8) ბ-89
100 ## - მთავარი ჩანაწერი - პიროვნების სახელი
Personal name ბოჭორიშვილი, გიორგი
9 (RLIN) 22608
245 ## - ცნობა სათაურის შესახებ
Title კერძო ქირურგია :
Remainder of title სახელმძღვანელო სამედიცინო ინსტიტუტის სტუდენტებისათვის /
Statement of responsibility, etc გ. ბოჭორიშვილი; რედაქტორი ც. შინდაგორიძე.
264 ## - წარმოების, გამოცემის, დისტრიბუციის და სხვა ცნობები
გამოცემის, წარმოების, დისტრიბუციის... ადგილი თბილისი,
გამოცემის, წარმოების, დისტრიბუციის... თარიღი 1999.
300 ## - ფიზიკური აღწერა
Extent 656 გვ. :
Other physical details სურ. ;
Dimensions 27 სმ.
653 ## - INDEX TERM--UNCONTROLLED
Uncontrolled term კერძო ქირურგია
653 ## - INDEX TERM--UNCONTROLLED
Uncontrolled term მედიცინა
700 ## - ADDED ENTRY--PERSONAL NAME
Personal name შინდაგორიძე, ც.
Relator term რედაქტორი
9 (RLIN) 23460
942 ## - ADDED ENTRY ELEMENTS (KOHA)
Source of classification or shelving scheme
Koha item type წიგნი
ეგზემპლარები
ჩამოწერის სტატუსი დაკარგული ეგზემპლარის სტატუსი კლასიფიკაციის წყარო ან თაროზე გაწყობის სქემა დაზიანების სტატუსი არ გაიცემა მუდმივი მდებარეობა (დაცვის ადგილი) ამჟამინდელი ადგილსამყოფელი თაროზე განთავსების ადგილი შეძენის თარიღი ღირებულება, შესყიდვის ნორმალური ფასი სრული შენახვის შიფრი შტრიხკოდი ბოლო ოპერაციის თარიღი ეგზემპლარის მიმდევრობითი ნომერი (კეტერი?) ფასის ძალაში შესვლის თარიღი ეგზემპლარის სახეობა საჯარო შენიშვნა
          ბათუმის შოთა რუსთაველის სახელმწიფო უნივერსიტეტის მთავარი ბიბლიოთეკა ბათუმის შოთა რუსთაველის სახელმწიფო უნივერსიტეტის მთავარი ბიბლიოთეკა წიგნსაცავი 2025-03-18 22.44 617.5(075.8) ბ-89 70879 2025-03-18 70879 2025-03-18 წიგნი 22 ლ. 44 თ.